Đường tới thịnh vượng toàn cầu

Tên sách tiếng Anh: The road to global prosperity; Những phân tích toàn diện về tương lai toàn cầu hoá nền kinh tế thế giới. Những lý giải về các vấn đề chính trị có ảnh hưởng đến tương lai và viễn cảnh của nền kinh tế thế giới...

Deskribapen osoa

Gorde:
Xehetasun bibliografikoak
Egile nagusia: Madelbaum, Michael
Formatua: Liburua
Hizkuntza:Undetermined
Argitaratua: Tp. Hồ Chí Minh Nxb. Trẻ 2016
Gaiak:
Sarrera elektronikoa:http://lrc.tdmu.edu.vn/opac/search/detail.asp?aID=2&ID=28331
Etiketak: Etiketa erantsi
Etiketarik gabe, Izan zaitez lehena erregistro honi etiketa jartzen!
Thư viện lưu trữ: Trung tâm Học liệu Trường Đại học Thủ Dầu Một
LEADER 01060nam a2200205Ia 4500
001 TDMU_28331
008 210410s9999 xx 000 0 und d
082 |a 398.2 
090 |b M102 
100 |a Madelbaum, Michael 
245 0 |a Đường tới thịnh vượng toàn cầu 
245 0 |c Michael Madelbaum; Nguyễn Hằng (dịch) 
260 |a Tp. Hồ Chí Minh 
260 |b Nxb. Trẻ 
260 |c 2016 
300 |a 259tr. 
520 |a Tên sách tiếng Anh: The road to global prosperity; Những phân tích toàn diện về tương lai toàn cầu hoá nền kinh tế thế giới. Những lý giải về các vấn đề chính trị có ảnh hưởng đến tương lai và viễn cảnh của nền kinh tế thế giới 
650 |a Kinh tế học quốc tế; Quan hệ kinh tế  |x Toàn cầu hóa 
856 |u http://lrc.tdmu.edu.vn/opac/search/detail.asp?aID=2&ID=28331 
980 |a Trung tâm Học liệu Trường Đại học Thủ Dầu Một